000 00355 a2200169 4500
001 188036
020 _a85-7319-025-6
040 _cMagnum
100 _aPeixoto, Sérgio Alves
240 1 0 _aEsfinge fácil
_lpor
245 1 0 _aEsfinge fácil
300 _a55
362 0 _a1995
440 1 _aDimensão
697 _aLITERATURA JUVENIL
942 _cBK
999 _c188036
_d188036